Shows That Ended in 1998 Quiz Stats

 Plays Quiz not verified by Sporcle

Challenge
Share
Tweet
Score 0/12 Timer 03:00
0 Plays Today
% Correct
Seinfeld
99.4%
Pinky and the Brain
84.2%
Bill Nye the Science Guy
79.1%
Animaniacs
75.9%
Family Matters
72.2%
Murphy Brown
71.5%
Dr.Quinn, Medicine Woman
70.3%
Geraldo
63.9%
Step by Step
61.4%
Cybill
46.8%
Babylon 5
31.6%
Goosebumps
4.4%

You're not logged in!

Compare scores with friends on all Sporcle quizzes.
Join for Free
OR
Log In

You Might Also Like...

Show Comments

Extras

Created May 2, 2015ReportNominate
Tags:Show Quiz, 1998, ended

Top Quizzes Today


Score Distribution

Your Account Isn't Verified!

In order to create a playlist on Sporcle, you need to verify the email address you used during registration. Go to your Sporcle Settings to finish the process.

Report this User

Report this user for behavior that violates our Community Guidelines.

Details: